000
00207nam a22000977a 4500
003
SGT
245
_a
Journal of Periodontology
260
_b
Wiley Publisher
_c
2022
300
_a
1-932,933-1973
942
_2
ddc
_c
BV
999
_c
30401
_d
30401